Typhoon in Tokyo : The occupation and its aftermath
Salvato in:
| Autore principale: | |
|---|---|
| Natura: | Libro |
| Lingua: | Undetermined |
| Pubblicazione: |
New York
Octagon Books
1978
|
| Soggetti: | |
| Tags: |
Aggiungi Tag
Nessun Tag, puoi essere il primo ad aggiungerne! !
|
| Thư viện lưu trữ: | Trung tâm Học liệu Trường Đại học Cần Thơ |
|---|
| LEADER | 00578nam a2200217Ia 4500 | ||
|---|---|---|---|
| 001 | CTU_112189 | ||
| 008 | 210402s9999 xx 000 0 und d | ||
| 082 | |a 952.04 | ||
| 082 | |b W671 | ||
| 100 | |a Wildes, Harry Emerson | ||
| 245 | 0 | |a Typhoon in Tokyo : | |
| 245 | 4 | |b The occupation and its aftermath | |
| 245 | 0 | |c Harry Emerson Wildes | |
| 260 | |a New York | ||
| 260 | |b Octagon Books | ||
| 260 | |c 1978 | ||
| 650 | |a Japan | ||
| 650 | |x History | ||
| 650 | |y Allied occupation, 1945-1952. | ||
| 904 | |i Năm | ||
| 980 | |a Trung tâm Học liệu Trường Đại học Cần Thơ | ||